Football clubs logos (Extreme) - Statistiques

Statistiques générales
  • Ce quiz a été pris 107 fois
  • Le résultat moyen est 17 sur 30
Statistiques - réponses
Par images Réponse % Correct
Nantes
97%
Braga
89%
Getafe
86%
Rangers
85%
Feyenoord
84%
LA Galaxy
80%
Malmo
76%
Bologna
75%
Sparta Prague
70%
Olympiakos
68%
Anderlecht
66%
Lorient
62%
Bodo Glimt
59%
Ipswich Town
58%
Freiburg
52%
Crystal Palace
51%
Monterrey
51%
Boca Juniors
49%
Al Ahly
48%
Norwich City
48%
Al Ittihad
46%
Dinamo Zagreb
43%
Fluminense
43%
Dinamo Kiev
34%
Helsinki
28%
Lech Poznan
27%
Copenhagen
24%
Bolton Wanderers
23%
Shamrock Rovers
18%
Red Star Belgrade
14%
Aucun quiz correspondant
Distribution des résultats
% des personnes avec chaque résultat
Percentile par nombre de réponses
Votre historique - résultats
Vous n’avez pas pris ce quiz